| 000 | 00833nam a22002177a 4500 | ||
|---|---|---|---|
| 005 | 20171212111651.0 | ||
| 010 | _a1718CH-EN B-670970-993 | ||
| 020 |
_a9789351033103 _c295.00 |
||
| 035 | _aB-670970-993 | ||
| 037 |
_adpl _bBook Well |
||
| 082 | _aS | ||
| 100 | 1 | _aThea, Stilton. | |
| 245 | 1 | 4 |
_aMouseford academy:drama at mouseford / _cby Thea Stilton ; [illustrations by Giuseppe Facciotto ... et al.]. |
| 260 |
_aNew York : _bScholastic _c2016 |
||
| 270 |
_a557 Broadway _bNew York _eNY 10012 |
||
| 300 |
_a111p.: _bcol. ill., _c20cm(pb) |
||
| 490 | _aMouseford academy- 1 | ||
| 700 | 1 |
_aFacciotto, Giuseppe _eill. |
|
| 942 |
_2ddc _cCH _hS _mSTI |
||
| 999 |
_c141321 _d141321 |
||